Memoria de la sesión pública que celebró la Real Academia de Bellas Artes de San Carlos de Valencia el día 2 de octubre de 1898 con motivo de la apertura del curso de 1898 a 1899. (Record no. 54078)

MARC details
000 -LEADER
campo de control de longitud fija 00976nam a2200205 i 4500
001 - NÚMERO DE CONTROL
campo de control 54078
003 - IDENTIFICADOR DE NÚMERO DE CONTROL
campo de control ES-MaACL
005 - FECHA Y HORA DE LA ÚLTIMA TRANSACCIÓN
campo de control 20230906162907.0
007 - CAMPO FIJO DE DESCRIPCIÓN FÍSICA--INFORMACIÓN GENERAL
campo de control de longitud fija t|
008 - DATOS DE LONGITUD FIJA--INFORMACIÓN GENERAL
campo de control de longitud fija 031125s1898 sp ||||1| spa d
110 2# - ENTRADA PRINCIPAL--NOMBRE DE ENTIDAD CORPORATIVA
Nombre de entidad corporativa o nombre de jurisdicción como elemento de entrada Real Academia de Bellas Artes de San Carlos (Valencia)
9 (RLIN) 6290
245 10 - MENCIÓN DEL TÍTULO
Título Memoria de la sesión pública que celebró la Real Academia de Bellas Artes de San Carlos de Valencia el día 2 de octubre de 1898 con motivo de la apertura del curso de 1898 a 1899.
260 ## - PUBLICACIÓN, DISTRIBUCIÓN, ETC.
Lugar de publicación, distribución, etc. Valencia :
Nombre del editor, distribuidor, etc. [Real Academia de Bellas Artes de San Carlos],
Fecha de publicación, distribución, etc. 1898 (
Fabricante Domènech)
300 ## - DESCRIPCIÓN FÍSICA
Extensión 42 p. ;
Dimensiones 26 cm.
505 8# - NOTA DE CONTENIDO CON FORMATO
Nota de contenido con formato Contiene: Memoria... / Luis Tamayos Blasco -- Discurso: El concepto y condiciones de la idea y de la forma en el arte / Luis Ferreres y Soler
610 24 - PUNTO DE ACCESO ADICIONAL DE MATERIA--NOMBRE DE ENTIDAD CORPORATIVA
Nombre de entidad corporativa o nombre de jurisdicción como elemento de entrada Real Academia de Bellas Artes de San Carlos (Valencia)-
Subdivisión de forma Memorias.
9 (RLIN) 151459
700 1# - ENTRADA AGREGADA--NOMBRE PERSONAL
Nombre de persona Tamayos Blasco, Luis.
9 (RLIN) 109167
700 1# - ENTRADA AGREGADA--NOMBRE PERSONAL
Nombre de persona Ferreres y Soler, Luis.
9 (RLIN) 50538
852 ## - LOCALIZACIÓN
Ubicación ES-MaACL
Número de control de estantería T-842-F-6
Holdings
Estatus retirado Estado de pérdida Estado de daño No para préstamo Colección Biblioteca de origen Biblioteca actual Ubicación en estantería Fecha de adquisición Fuente de adquisición Total de préstamos Signatura topográfica completa Código de barras Visto por última vez Precio de reemplazo Tipo de ítem Koha
        Colección de folletos Biblioteca del Ateneo de Madrid Biblioteca del Ateneo de Madrid Depósito folletos 17/01/2008     T-842-F-6 1056834 23/02/2023 23/02/2023 Folleto